How low (Record no. 108075)

MARC details
000 -LEADER
fixed length control field 01492cad a22002655a 4500
001 - CONTROL NUMBER
control field L143137
008 - FIXED-LENGTH DATA ELEMENTS--GENERAL INFORMATION
fixed length control field 080409s2008 xxk f 000 0 eng d
035 ## - SYSTEM CONTROL NUMBER
System control number (Sirsi) u143137
041 0# - LANGUAGE CODE
Language code of text/sound track or separate title eng
050 04 - LIBRARY OF CONGRESS CALL NUMBER
Classification number 696.9 $2 18
100 1# - MAIN ENTRY--PERSONAL NAME
Personal name Moore, Richard
245 00 - TITLE STATEMENT
Title How low
Remainder of title achieving optimal carbon savings from the UK's existing housing stock
Medium [electronic resource]
260 ## - PUBLICATION, DISTRIBUTION, ETC.
Place of publication, distribution, etc. Godalming
Name of publisher, distributor, etc. WWF-UK
Date of publication, distribution, etc. 2008
520 ## - SUMMARY, ETC.
Summary, etc. Investigates the measures, market transformation and behavioural changes needed to ensure the UK meets its 2020 and 2050 targets for residential carbon emissions. Reveals that short payback energy efficiency measures do not go far enough; significant numbers of low and zero carbon technologies and solid wall insulation are required. Recommends a range of policy measures to improve residential energy efficiency. These include fiscal measures, low interest loan scheme, Supplier Obligation, minimum standards at point of house sale, reforming the energy market, and evaluating personal carbon trading or carbon taxes.
521 2# - TARGET AUDIENCE NOTE
Target audience note Advanced
590 ## - LOCAL NOTE (RLIN)
Local note KA NTK
651 #4 - SUBJECT ADDED ENTRY--GEOGRAPHIC NAME
Geographic name United Kingdom
Chronological subdivision
690 ## - LOCAL SUBJECT ADDED ENTRY--TOPICAL TERM (OCLC, RLIN)
Topical term or geographic name as entry element BUILT ENVIRONMENT-SUSTAINABLE CONSTRUCTION
690 ## - LOCAL SUBJECT ADDED ENTRY--TOPICAL TERM (OCLC, RLIN)
Topical term or geographic name as entry element Residential property
9 (RLIN) 6266
710 2# - ADDED ENTRY--CORPORATE NAME
Corporate name or jurisdiction name as entry element WWF-UK
710 2# - ADDED ENTRY--CORPORATE NAME
Corporate name or jurisdiction name as entry element Centre for Sustainable Energy
9 (RLIN) 5011
710 2# - ADDED ENTRY--CORPORATE NAME
Corporate name or jurisdiction name as entry element Association for the Conservation of Energy
9 (RLIN) 5198
856 40 - ELECTRONIC LOCATION AND ACCESS
Uniform Resource Identifier <a href="https://www.wwf.org.uk/news/n_0000004937.asp">https://www.wwf.org.uk/news/n_0000004937.asp</a>
Public note View the report free of charge at www.wwf.org.uk...
942 ## - ADDED ENTRY ELEMENTS (KOHA)
Suppress in OPAC 0
Holdings
Withdrawn status Lost status Source of classification or shelving scheme Damaged status Not for loan Home library Current library Shelving location Date acquired Total Checkouts Full call number Barcode Date last seen Copy number Price effective from Koha item type
    Dewey Decimal Classification     Virtual Virtual Online 09/04/2008   ONLINE PUBLICATION 143137-2001 06/08/2019 1 06/08/2019 Book